000 00913nas a2200277 4500
001 BR2012006739
003 BR-BrBNA
005 20231205121223.0
007 ta
008 230509b bl.|||p| |||| 00| 00por d
040 _aBR-BrBNA
_bpor
_cBiblioteca Nacional de Agricultura
041 _a(Pt)
072 _aB10; U10
100 1 _aBarbosa, A.P.
100 1 _aSilva, A.F. da
100 1 _aZimback, C.R.L.
245 1 _aModelo numérico do terreno obtido por diferentes métodos em cartas planialtimétricas
650 _aMAPA
650 _aRELEVO
650 _aMODELO MATEMÁTICO
650 _aMODELO DE SIMULAÇÃO
773 0 _tRevista Brasileira de Engenharia Agrícola e Ambiental (Brazil)
_xISSN 1807-1929
_g(Jun 2012), v.16(6) p. 655-660
_wBR2012006739
856 4 0 _uhttp://www.agriambi.com.br/revista/v16n06/v16n06a10.pdf
909 _a202311
_bLúcia
_c55
_dLúcia Elande
942 _2AGRIS
_n0
_cANA
999 _c222398
_d222398